| 000 | 005820000a22001810004500 | ||
|---|---|---|---|
| 003 | MACL | ||
| 005 | 20160403130215.0 | ||
| 008 | 160403b xxu||||| |||| 00| 0 eng d | ||
| 040 |
_aMACL _cMACL |
||
| 041 | _aHindi | ||
| 082 | _a370 | ||
| 100 |
_aस्टोलबर्ग _949770 |
||
| 245 |
_aसामान्य विज्ञान शिक्षण _bवायु, जल और मौसम |
||
| 260 |
_bजनवाणी प्रकाशन _c2000 _aनई दिल्ली |
||
| 350 | _a225 | ||
| 650 |
_aEducation _950234 |
||
| 942 |
_cHIN _k370 _2ddc |
||
| 999 |
_c17697 _d17697 |
||